| 000 | 00375cam a22001217a 4500 | ||
|---|---|---|---|
| 008 | 180718b1963 xxu||||| |||| 00| 0 eng d | ||
| 082 | _aAPPPA 1963/16 | ||
| 100 | _aNaqvi, S. Arif Raza | ||
| 245 |
_aCivil service of Pakistan _cby S. Arif Raza Naqvi |
||
| 260 |
_aNew Delhi _bIndian Institute of Public Administration _c1963 |
||
| 300 | _a58p. | ||
| 650 | _aCivil service-Pakistan | ||
| 999 |
_c501204 _d501204 |
||